| 000 -LEADER |
| fixed length control field |
02586nam a22005777a 4500 |
| 001 - CONTROL NUMBER |
| control field |
814389920 |
| 003 - CONTROL NUMBER IDENTIFIER |
| control field |
OCoLC |
| 005 - DATE AND TIME OF LATEST TRANSACTION |
| control field |
20210419122642.0 |
| 008 - FIXED-LENGTH DATA ELEMENTS--GENERAL INFORMATION |
| fixed length control field |
121019s2013 nyua b 001 0 eng |
| 010 ## - LIBRARY OF CONGRESS CONTROL NUMBER |
| LC control number |
2012042765 |
| 016 7# - NATIONAL BIBLIOGRAPHIC AGENCY CONTROL NUMBER |
| Record control number |
101594395 |
| Source |
DNLM |
| 016 7# - NATIONAL BIBLIOGRAPHIC AGENCY CONTROL NUMBER |
| Record control number |
016315457 |
| Source |
Uk |
| 020 ## - INTERNATIONAL STANDARD BOOK NUMBER |
| International Standard Book Number |
9780071792189 (soft cover : alk. paper) |
| 020 ## - INTERNATIONAL STANDARD BOOK NUMBER |
| International Standard Book Number |
007179218X (soft cover : alk. paper) |
| 035 ## - SYSTEM CONTROL NUMBER |
| System control number |
(OCoLC)814389920 |
| 040 ## - CATALOGING SOURCE |
| Original cataloging agency |
DNLM/DLC |
| Language of cataloging |
eng |
| Transcribing agency |
DLC |
| Modifying agency |
YDX |
| -- |
NLM |
| -- |
OCLCO |
| -- |
YDXCP |
| -- |
UKMGB |
| -- |
OCLCO |
| 041 ## - LANGUAGE CODE |
| Language code of text/sound track or separate title |
eng |
| 042 ## - AUTHENTICATION CODE |
| Authentication code |
pcc |
| 049 ## - LOCAL HOLDINGS (OCLC) |
| Holding library |
YYEA, VZYM |
| 080 ## - UNIVERSAL DECIMAL CLASSIFICATION NUMBER |
| Universal Decimal Classification number |
612.67 |
| Item number |
E-80 |
| 096 ## - LOCALLY ASSIGNED NLM-TYPE CALL NUMBER (OCLC) |
| Classification number |
WT 100 K162e 2013 |
| 100 1# - MAIN ENTRY--PERSONAL NAME |
| Personal name |
Kane, Robert L., |
| Dates associated with a name |
1940- |
| 245 10 - TITLE STATEMENT |
| Title |
Essentials of clinical geriatrics / |
| Statement of responsibility, etc. |
Robert L. Kane ... [et al.]. |
| 250 ## - EDITION STATEMENT |
| Edition statement |
7th ed. |
| 260 ## - PUBLICATION, DISTRIBUTION, ETC. |
| Place of publication, distribution, etc. |
New York : |
| Name of publisher, distributor, etc. |
McGraw-Hill Education / Medical, |
| Date of publication, distribution, etc. |
c2013. |
| 300 ## - PHYSICAL DESCRIPTION |
| Extent |
xvii, 506 p. : |
| Other physical details |
ill. (some col.) ; |
| Dimensions |
23 cm. |
| 500 ## - GENERAL NOTE |
| General note |
EINSTEIN & MMC: available online via AccessMedicine. See Reference staff for assistance. |
| 504 ## - BIBLIOGRAPHY, ETC. NOTE |
| Bibliography, etc. note |
Includes bibliographical references and index. |
| 505 0# - FORMATTED CONTENTS NOTE |
| Formatted contents note |
Clinical implications of the aging process -- The geriatric patient : demography, epidemiology, and health services utilization -- Evaluating the geriatric patient -- Chronic disease management -- Prevention -- Confusion : delirium and dementia -- Diagnosis and management of depression -- Incontinence -- Falls -- Immobility -- Cardiovascular disorders -- Decreased vitality -- Sensory impairment -- Drug therapy -- Health services -- Nursing home care -- Ethical issues in the care of older persons -- Palliative care. |
| 590 ## - LOCAL NOTE (RLIN) |
| Local note |
c.1 10066573 Ritt 9/10/13 $65.00. |
| 650 #2 - SUBJECT ADDED ENTRY--TOPICAL TERM |
| Topical term or geographic name entry element |
Geriatrics. |
| 650 #2 - SUBJECT ADDED ENTRY--TOPICAL TERM |
| Topical term or geographic name entry element |
Aged. |
| 650 #2 - SUBJECT ADDED ENTRY--TOPICAL TERM |
| Topical term or geographic name entry element |
Aging |
| General subdivision |
physiology. |
| 650 #2 - SUBJECT ADDED ENTRY--TOPICAL TERM |
| Topical term or geographic name entry element |
Aging |
| General subdivision |
psychology. |
| 650 #2 - SUBJECT ADDED ENTRY--TOPICAL TERM |
| Topical term or geographic name entry element |
Diagnosis, Differential. |
| 650 #0 - SUBJECT ADDED ENTRY--TOPICAL TERM |
| Topical term or geographic name entry element |
Medicine |
| 9 (RLIN) |
69 |
| 650 #2 - SUBJECT ADDED ENTRY--TOPICAL TERM |
| Topical term or geographic name entry element |
Geriatric Assessment. |
| 653 ## - INDEX TERM--UNCONTROLLED |
| Uncontrolled term |
გერიატრია |
| 653 ## - INDEX TERM--UNCONTROLLED |
| Uncontrolled term |
დაბერება |
| 653 ## - INDEX TERM--UNCONTROLLED |
| Uncontrolled term |
მედიცინა |
| 653 ## - INDEX TERM--UNCONTROLLED |
| Uncontrolled term |
ფსიქოლოგია |
| 653 ## - INDEX TERM--UNCONTROLLED |
| Uncontrolled term |
ფიზიოლოგია |
| 655 #7 - INDEX TERM--GENRE/FORM |
| Genre/form data or focus term |
Electronic books. |
| 700 ## - ADDED ENTRY--PERSONAL NAME |
| 9 (RLIN) |
304 |
| Personal name |
Ouslander, G. Joseph |
| 700 ## - ADDED ENTRY--PERSONAL NAME |
| 9 (RLIN) |
305 |
| Personal name |
Abrass, B. Itamar |
| 700 ## - ADDED ENTRY--PERSONAL NAME |
| 9 (RLIN) |
306 |
| Personal name |
Resnick, Barbara |
| 710 2# - ADDED ENTRY--CORPORATE NAME |
| Corporate name or jurisdiction name as entry element |
AccessMedicine (Online service) |
| 856 40 - ELECTRONIC LOCATION AND ACCESS |
| Uniform Resource Identifier |
<a href="https://elibrary.einsteinmed.org/login?url=https://accessmedicine.mhmedical.com/book.aspx?bookid=678">https://elibrary.einsteinmed.org/login?url=https://accessmedicine.mhmedical.com/book.aspx?bookid=678</a> |
| Public note |
EINSTEIN: AccessMedicine ebook collection |
| 856 41 - ELECTRONIC LOCATION AND ACCESS |
| Uniform Resource Identifier |
<a href="https://accessmedicine.mhmedical.com/book.aspx?bookid=678">https://accessmedicine.mhmedical.com/book.aspx?bookid=678</a> |
| Public note |
MMC: AccessMedicine ebook collection |
| 942 ## - ADDED ENTRY ELEMENTS (KOHA) |
| Source of classification or shelving scheme |
|
| Koha item type |
Books |
| Edition |
7 |